MARC

LEADER 00000nam0a2200000 4500
001 57750
005 20231031054433.0
035 |a (RuTPU)RU\TPU\book\60973 
090 |a 57750 
100 |a 20031117d1978 km y0rusy50 ca 
101 0 |a rus 
102 |a RU 
105 |a a z 001zy 
200 1 |a Радиоэлектронные автоматические системы контроля (системный анализ и методы реализации)  |f В. А. Долгов, А. С. Касаткин, В. Н. Сретенский   |g Под ред. В. Н. Сретенского 
210 |a Москва  |c Советское радио  |d 1978 
215 |a 383 с.  |c ил. 
320 |a Библиогр. в конце глав. 
610 1 |a радиоэлектроника 
610 1 |a радиоэлектронные системы 
610 1 |a автоматические системы 
610 1 |a автоматический контроль 
610 1 |a системный анализ 
610 1 |a реализация 
610 1 |a электронные датчики 
610 1 |a построение 
675 |a 621.396.66  |v 3 
700 1 |a Долгов  |b В. А.  |g Василий Алексеевич 
701 1 |a Касаткин  |b А. С.  |g Анатолий Семенович 
701 1 |a Сретенский  |b В. Н.  |g Василий Николаевич 
702 1 |a Сретенский  |b В. Н.  |g Василий Николаевич  |4 340 
801 1 |a RU  |b 63413507  |c 20031117  |g PSBO 
801 2 |a RU  |b 63413507  |c 20160803  |g PSBO 
942 |c BK